000
00270nam a2200109Ia 4500
005
20251222144910.0
008
251222s9999||||xx |||||||||||||| ||spa||
082
_a
255.5/A84
245
0
_a
Un Popolo E i suoi Canti:
264
_b
Studio Editoriale Fiorentino
942
_c
LIB
999
_c
22314
_d
22314